[Event "BLR-ch sf"]
[Site "Minsk"]
[Date "2023.12.13"]
[Round "7"]
[White "Arhipov, Roman"]
[Black "Brutski, Denis"]
[Result "1/2-1/2"]
[WhiteElo "1599"]
[BlackElo "1796"]
[PlyCount "62"]
[EventDate "2023.12.07"]
[EventType "swiss"]
[EventRounds "9"]
[EventCountry "BLR"]
[SourceTitle "CB51_2023"]
[SourceDate "2023.12.20"]
[SourceVersion "1"]
[SourceVersionDate "2023.12.20"]
[SourceQuality "1"]

1. e4 c5 2. Nf3 Nc6 3. d4 cxd4 4. c3 d5 5. exd5 Qxd5 6. Nxd4 Bd7 7. Qb3 Qxb3 8. Nxb3 e5 9. Be3 Nf6 10. N1d2 Rd8 11. Bc5 Bxc5 12. Nxc5 Bc8 13. Bc4 0-0 14. 0-0-0 Na5 15. Be2 b6 16. Ncb3 Nxb3+ 17. axb3 Bb7 18. Rhg1 Nd5 19. Bf3 f5 20. Bxd5+ Bxd5 21. c4 Bb7 22. Nf3 Bxf3 23. gxf3 Kf7 24. Kc2 Rxd1 25. Rxd1 Ke6 26. b4 Rc8 27. Kc3 g5 28. Rg1 h6 29. h4 Kf6 30. hxg5+ hxg5 31. b3 Rc7 1/2-1/2

[Event "Moscow Botvinnik Memorial Cup"]
[Site "Moscow"]
[Date "2022.08.22"]
[Round "7.2"]
[White "Brutski, Denis"]
[Black "Harutjunyan, Gevorg"]
[Result "0-1"]
[WhiteElo "1475"]
[BlackElo "2404"]
[PlyCount "116"]
[EventDate "2022.08.18"]
[EventType "team-tourn"]
[EventRounds "9"]
[EventCountry "RUS"]
[SourceTitle "CBM 209 Extra"]
[Source "ChessBase"]
[SourceDate "2022.09.30"]
[SourceVersion "1"]
[SourceVersionDate "2022.09.30"]
[SourceQuality "1"]
[WhiteTeam "Belarus"]
[BlackTeam "Armenia"]
[WhiteTeamCountry "BLR"]
[BlackTeamCountry "ARM"]

1. e4 c6 2. d4 d5 3. e5 Bf5 4. Ne2 e6 5. Ng3 Bg6 6. h4 h5 7. Bd3 Bxd3 8. Qxd3 Be7 9. Ne2 c5 10. c3 Nc6 11. g3 Rc8 12. f4 cxd4 13. Nxd4 Nxd4 14. Qxd4 Nh6 15. Be3 Nf5 16. Qa4+ Kf8 17. Bf2 Rh6 18. Nd2 Rg6 19. Rh3 d4 20. c4 Ne3 21. Qb3 Qb6 22. Qxb6 axb6 23. Bxe3 dxe3 24. Nf1 Rxc4 25. Nxe3 Re4 26. Kf2 Bc5 27. Re1 f6 28. exf6 gxf6 29. Kf3 f5 30. b3 Rg7 31. Nc2 Rd7 32. Rxe4 fxe4+ 33. Ke2 Rd3 34. Ne1 Rc3 35. Kd2 Bb4 36. Ke2 Kf7 37. Kd1 Kf6 38. Nc2 Rd3+ 39. Kc1 Bc3 40. Na3 Kf5 41. Nb5 Be1 42. Rh1 Bxg3 43. Kc2 Bxf4 44. b4 Rd5 45. Nc3 Rd2+ 46. Kb3 e3 47. Kc4 Bg3 48. Rg1 Kf4 49. Rf1+ Bf2 50. Nb1 Rxa2 51. Kd3 Kf3 52. Rh1 Kg2 53. Rc1 Ra1 54. Ke2 e5 55. Kd3 b5 56. Ke2 e4 57. Kd1 Ra2 58. Nc3 Rd2# 0-1

[Event "Moscow Botvinnik Memorial Cup"]
[Site "Moscow"]
[Date "2022.08.20"]
[Round "4.1"]
[White "Kostenko, Petr"]
[Black "Brutski, Denis"]
[Result "1-0"]
[WhiteElo "2397"]
[BlackElo "1475"]
[PlyCount "97"]
[EventDate "2022.08.18"]
[EventType "team-tourn"]
[EventRounds "9"]
[EventCountry "RUS"]
[SourceTitle "CBM 209 Extra"]
[Source "ChessBase"]
[SourceDate "2022.09.30"]
[SourceVersion "1"]
[SourceVersionDate "2022.09.30"]
[SourceQuality "1"]
[WhiteTeam "Kazakhstan"]
[BlackTeam "Belarus"]
[WhiteTeamCountry "KAZ"]
[BlackTeamCountry "BLR"]

1. e4 c5 2. Nf3 Nc6 3. Bb5 g6 4. 0-0 Bg7 5. c3 Nf6 6. Re1 0-0 7. d4 cxd4 8. cxd4 d5 9. e5 Ne4 10. Be3 f6 11. Bxc6 bxc6 12. Qc1 Bd7 13. Nc3 f5 14. Na4 e6 15. b3 Rc8 16. Re2 Qe7 17. Ng5 c5 18. Nxc5 Nxc5 19. dxc5 Bxe5 20. Nf3 Bxa1 21. Qxa1 Bb5 22. Re1 f4 23. Bd4 Bd3 24. Ne5 Bf5 25. b4 Rfe8 26. Qc1 g5 27. b5 h6 28. a4 Kh7 29. Qc3 g4 30. c6 Rg8 31. Qd2 Qg5 32. Bxa7 Be4 33. Bd4 Rcf8 34. Qc1 Qh4 35. Rxe4 dxe4 36. Qb1 f3 37. Qxe4+ Rf5 38. Nxf3 Qe7 39. Ne1 Rg6 40. Nc2 Rd5 41. b6 e5 42. g3 Rdd6 43. c7 Qd7 44. Qxe5 Rxd4 45. Qxd4 Qc6 46. Ne3 h5 47. Qc4 Qxc4 48. Nxc4 Rc6 49. Nd6 1-0